|
|
|
|
| LEADER |
00000naa2a2200000 4500 |
| 001 |
622518 |
| 005 |
20231214140714.0 |
| 035 |
|
|
|a (RuTPU)RU\TPU\conf\21287
|
| 035 |
|
|
|a RU\TPU\conf\21286
|
| 090 |
|
|
|a 622518
|
| 100 |
|
|
|a 20170523d2017 k y0rusy50 ca
|
| 101 |
0 |
|
|a rus
|
| 102 |
|
|
|a RU
|
| 105 |
|
|
|a y z 101zy
|
| 135 |
|
|
|a drcn ---uucaa
|
| 181 |
|
0 |
|a i
|
| 182 |
|
0 |
|a b
|
| 200 |
1 |
|
|a Создание локальной базы данных с помощью SQLite для мобильных приложений
|f А. И. Вегнер
|g науч. рук. А. Н. Важдаев
|
| 203 |
|
|
|a Текст
|c электронный
|
| 225 |
1 |
|
|a Информационные технологии, экономика, управление
|
| 300 |
|
|
|a Заглавие с экрана
|
| 320 |
|
|
|a [Библиогр.: с. 113 (2 назв.)]
|
| 463 |
|
0 |
|0 (RuTPU)RU\TPU\conf\21267
|t Прогрессивные технологии и экономика в машиностроении
|o сборник трудов VIII Всероссийской научно-практической конференции для студентов и учащейся молодежи, 6-8 апреля 2017 г., Юрга
|f Национальный исследовательский Томский политехнический университет (ТПУ), Юргинский технологический институт (ЮТИ) ; под ред. Д. А. Чинахова
|v [С. 111-113]
|d 2017
|
| 610 |
1 |
|
|a труды учёных ТПУ
|
| 610 |
1 |
|
|a электронный ресурс
|
| 610 |
1 |
|
|a Android
|
| 610 |
1 |
|
|a приложения
|
| 610 |
1 |
|
|a платформы
|
| 610 |
1 |
|
|a базы данных
|
| 610 |
1 |
|
|a мобильные технологии
|
| 700 |
|
1 |
|a Вегнер
|b А. И.
|
| 702 |
|
1 |
|a Важдаев
|b А. Н.
|c специалист в области информатики и вычислительной техники
|c доцент, кандидат технических наук Юргинского технологического института (филиала) Томского политехнического университета
|f 1981-
|g Андрей Николаевич
|4 727
|
| 712 |
0 |
2 |
|a Национальный исследовательский Томский политехнический университет (ТПУ)
|b Юргинский технологический институт (филиал) (ЮТИ)
|b Кафедра информационных систем (ИС)
|3 (RuTPU)RU\TPU\col\18893
|
| 801 |
|
2 |
|a RU
|b 63413507
|c 20170525
|g RCR
|
| 856 |
4 |
|
|u http://earchive.tpu.ru/handle/11683/38462
|
| 942 |
|
|
|c BK
|